MDQL
is popping MORE tags! Check the
thread
!
Quizzes
Events
Quiz Creation
Community
Videos
Private Events
Remove Ads
Sign In
Join for FREE
Feedback
Dark Mode
Quiz Categories
Sports
Geography
Music
Movies
Television
Just For Fun
Miscellaneous
History
Literature
Language
Science
Gaming
Entertainment
Religion
Holiday
For Kids
Quiz Lab
Recent
Popular Today
Quiz Kudos Today
Editor Picks
Curator Picks
Quizzes by...
Day
Popularity
Type
Ratings
Length
Year
Community
Subscriptions
Recent Discussions
Orange Saloon
Badges
Playlists
Quests
Create
Leaderboards
Showdown
Live 5
Trivia Bingo
Activity
Puzzle Library
Sporcle Events
Private Events
Virtual Trivia
Globe League
Become a Host
Pub Owners
SporcleCon
Opinionation
Our Games
Videos
Blog
Mobile Apps
Partnerships
Remove Ads and Go Orange
Feedback
Language
Vocabulary
Begins and Ends
Definition
Spanish
French
German
Italian
Chinese
Latin
Translation
Japanese
Language
Vocabulary
Begins and Ends
Definition
Spanish
French
German
Italian
Chinese
Latin
Translation
Japanese
Random Quiz
Search Sporcle
×
Quiz Lab
Quiz Lab
Language
Vocabulary
Select answers by clicking on text or image buttons
Select answers by clicking on text or image buttons
Clickable
Best Score? Go Orange.
GRE Vocab Review IV Stats
Can you pick the matching word that best fits each definition?
By
Rockerchick1080
20m
100 Questions
466 Plays
466 Plays
466 Plays
Comments
Comments
Give Quiz Kudos
Give Quiz Kudos
-
- Ratings
hide this ad
More Info
Forced Order
Answers have to be entered in order
Answers have to be entered in order
Replay
Link that replays current quiz
Next Quiz
Link to next quiz in quiz playlist
You Got
0%
They Got
Avg Score
60%
Avg Friend Score
Upgrade to see
Score Distribution
Jump to the score distribution portion of the page
Score
0/100
Timer
20:00
0
Plays Today
% Correct
anachronistic (adj)
80.5%
ossified (adj)
78.5%
pariah (n)
78.3%
erudite (adj)
77.3%
soporific (adj)
77.3%
parody (n)
77%
prescience (n)
75.8%
empirical (adj)
75.5%
salubrious (adj)
74.5%
adulterate (v)
74.2%
variegated (adj)
73.4%
fortuitous (adj)
72.3%
exculpate (v)
72.3%
luminous (adj)
72.1%
pedagogy (n)
72.1%
caustic (adj)
71.9%
static (adj)
71.5%
vacillate (v)
71.5%
peccadillo (n)
71%
nebulous (adj)
70.2%
derivative (adj)
70.2%
iconoclastic (adj)
70%
decorum (n)
70%
celerity (n)
69.7%
ennui (n)
69.3%
sodden (adj)
69.3%
pervasive (adj)
69.1%
innocuous (adj)
68.9%
paucity (n)
68.9%
corrigible (adj)
68%
sinecure (n)
67.6%
ephemeral (adj)
67.6%
impecunious (adj)
67.6%
apostate (n)
67.4%
% Correct
burgeon (v)
67.2%
timorous (adj)
67%
engender (v)
66.7%
convention (n)
66.3%
dynamo (n)
65.5%
commensurate (adj)
65%
sinuous (adj)
64.8%
beatify (v)
64.8%
apotheosis (n)
64.8%
dulcet (adj)
63.9%
capricious (adj)
63.9%
complaisance (n)
63.7%
calumny (n)
63.3%
harangue (v)
63.1%
assiduous (adj)
62.7%
ostentatious (adj)
62.4%
chauvinist (n)
62.2%
idyll (n)
62%
calumniate (v)
61.8%
arcane (adj)
61.6%
personable (adj)
61.4%
apprise (v)
61.4%
mollify (v)
60.9%
censure (v)
60.5%
cogent (adj)
60.5%
libertine (n)
60.3%
belie (v)
59.7%
approbation (n)
59.2%
noisome (adj)
58.8%
pithy (adj)
58.6%
mitigate (v)
57.3%
castigate (v)
57.1%
proliferate (v)
56.9%
natty (adj)
56.4%
% Correct
intransigent (adj)
56.2%
obviate (v)
54.5%
cursory (adj)
54.5%
apposite (adj)
53.4%
inveigle (v)
53%
partisan (adj)
52.8%
tenuous (adj)
52.8%
dogmatic (adj)
52.6%
ebullience (n)
51.9%
intrepid (adj)
51.9%
effusive (adj)
51.9%
infelicitous (adj)
51.5%
placate (v)
51.1%
daunt (v)
50.4%
auspices (n)
50%
stentorian (adj)
49.8%
iniquity (n)
49.6%
reprehensible (adj)
48.9%
fallow (adj)
47.4%
rankle (v)
46.6%
idolatrous (adj)
46.1%
pusillanimous (adj)
46.1%
fervent (adj)
45.5%
forswear (v)
43.8%
overweening (adj)
43.8%
imperious (adj)
43.1%
harrow (v)
42.5%
raffish (adj)
39.9%
odious (adj)
39.1%
petulant (adj)
38.4%
enormity (n)
35.6%
palliate (v)
35%
Quiz Playlist
Details
Report
Send in Message
Add To Playlist
More Info:
Definitions transcribed from The Princeton Review Essential GRE Vocabulary flashcards.
Clickable:
Select answers by clicking on text or image buttons
Forced Order:
Answers have to be entered in order
Last Updated: Feb 16, 2017
Quiz Scoreboard
CHALLENGE
Sign Up to Join the Scoreboard
Show All
Scores
Hide
Comments
May contain spoilers
Recently Published
5x2 Blitz: Bands
by SL_Kpop136
Music
30s
Colored Red Africa Blitz
by spor1
Geography
30s
Find the 'City' Movie
by crazypaving
Movies
60s
More to Explore
Quiz From the Vault
Featured Blog Post
14 Easter Pick-up Lines to Find Eggs With
hide this ad
You Might Also Like...
Tags
Definition Quiz
Vocabulary Quiz
gre
Review
Today's Top Quizzes in Language
Browse Language
hide this ad
Today's Top Quizzes in Vocabulary
Browse Vocabulary
Top Contributed Quizzes in Language
1
1-10 Letter F Words III
2
1-10 Letter G Words III
3
1-10 Letter H Words III
4
1-10 Letter I Words III
5
Greek Alphabet Match
6
Arabic Numerals
7
Ends in ELL Minefield
8
1-10 Letter J Words III
9
1-10 Letter L Words III
10
1-10 Letter M Words III
Explore More
Trending Topics
Crossword
Anime
NBA
Kpop
Harry Potter
Disney
Marvel
The Office
Country
Soccer
Pokémon
Song
NFL
WWE
Puzzle
hide this ad
More By:
Rockerchick1080
Quiz
Plays
Rating
Category
Featured
Created
Heart-Shaped Foods by Picture
64,841
4.02
Miscellaneous
Feb 6, 2013
Novels Written by Female Authors
52,730
4.62
Literature
Jan 4, 2013
Most Popular Saints (US Churches)
3,662
4.71
Religion
Jan 4, 2013
GRE Vocab Review I
2,783
3.60
Language
Jan 2, 2013
Recognize These Piano Intros?
1,920
4.32
Music
Apr 29, 2010
Go to Creator's Profile
Score Distribution
Quiz Creator Spotlight
Rockerchick1080
Follow
Send a Message
Quizzes Created
-
Created Quiz Play Count
-
More By This Creator
Popular Quizzes Today
1
Find the 'City' Movie
2
5x2 Blitz: Bands
3
Colored Red Africa Blitz
4
The Countries of the World
5
Find the US States - No Outlines Minefield
6
Find the US States
7
9x9 Crossword: Cartoon Network
8
US States
More Language Quizzes
Sciences in Five Languages
Editor's Pick
Trending Quizzes
Colored Red Africa Blitz II
Colored Red Europe Blitz I
Colored Red Africa Blitz III
Colored Red Europe Blitz II
Colored Red Europe Blitz III
Recently Updated
Champions League XIs: Real Madrid
pecheneg
Largest US Cities 1790-2010
pecheneg
Rides in Walt Disney World
pecheneg
Most Oscar Losses (Acting)
pecheneg
Beyoncé Albums
pecheneg
Leaping Animals
pecheneg
Reality TV Shows (A-Z)
bhenderson79
Rickey Henderson's Hall of Fame Teammates
pecheneg
Champions League XIs: Arsenal
pecheneg
Quick Pick: Celebrities in WWE's Hall of Fame
aduchscher
Trending Topics
Crossword
Disney
Marvel
Harry Potter
Kpop
Anime
NBA
WWE
Country
NFL
Song
Puzzle
Pokémon
The Office
Soccer
Your Account Isn't Verified!
In order to create a playlist on Sporcle, you need to verify the email address you used during registration. Go to your
Sporcle Settings
to finish the process.
Report this User
Report this user for behavior that violates our
Community Guidelines
.
Details:
Send Report
Go to the Sporcle.com Mobile Site →
Comments